| 000 | 00413pam a2200169 a 4500 | ||
|---|---|---|---|
| 020 |
_a81-224-09525-3 _cP.B. |
||
| 041 | _aeng | ||
| 082 |
_a515 _bPAL/LAL |
||
| 100 | _aPAL S. AND LAL H. | ||
| 245 |
_aTWO DIMENSIONAL GEOMETRY 2ND ED _hTextual Documents |
||
| 250 | _a01-01-1996 | ||
| 260 | _bNEW AGE INT. NEW DELHI | ||
| 300 |
_aX/571 _c23X13 |
||
| 500 | _a3495 | ||
| 653 | _aENGG. MATHAMETICS | ||
| 930 | _a3106 | ||
| 999 |
_c46331 _d46331 |
||